| 000 | 00969nam a2200229Ia 4500 | ||
|---|---|---|---|
| 999 |
_c55744 _d55744 |
||
| 001 | 22839 | ||
| 003 | GE_BSU | ||
| 005 | 20230522111159.0 | ||
| 008 | 181216s ||||ge |||||||||||||| ||geo|| | ||
| 040 | _cGE_BSU | ||
| 041 | _ageo | ||
| 080 | _a81(479.22)(092) ძ-63 | ||
| 100 |
_aძიძიგური, შ. _918169 |
||
| 245 |
_aაკაკი შანიძე : _bმონოგრაფია / _cშ. ძიძიგური ; რედ. ს.ჟღენტი ; მხატვ. ჯ.ყავლაშვილი. |
||
| 264 |
_aთბილისი : _bნაკადული, _c1963. |
||
| 300 |
_a93 გვ. : _b1 ფურც. პორტრ. ; _c20 სმ. |
||
| 541 | _h44 თ. | ||
| 653 | _aაკაკი შანიძე : [მონოგრაფია] | ||
| 700 |
_aჟღენტი, ს. _eრედაქტორი _918170 |
||
| 700 |
_aყავლაშვილი, ჯ. _eმხატვარი _95903 |
||
| 942 |
_cBK _2udc |
||